[Event "Kuala Lumpur op 5th"]
[Site "Kuala Lumpur"]
[Date "2008.08.23"]
[Round "10"]
[White "Sukandar, Irine Kharisma"]
[Black "Wahono, Awam"]
[Result "1-0"]
[WhiteElo "2262"]
[BlackElo "2387"]
[PlyCount "143"]
[EventDate "2008.08.18"]
[EventType "swiss"]
[EventRounds "11"]
[EventCountry "MAS"]
[SourceTitle "CBM 126 Extra"]
[Source "ChessBase"]
[SourceDate "2008.11.05"]
[SourceVersion "1"]
[SourceVersionDate "2008.11.05"]
[SourceQuality "1"]

1. e4 Nc6 2. Nf3 d6 3. d4 Bg4 4. Be3 Nf6 5. Nc3 a6 6. h3 Bh5 7. a3 e6 8. Bd3 Be7 9. Qd2 d5 10. e5 Nd7 11. Ne2 Na7 12. Ng3 Bg6 13. 0-0 c5 14. c3 Nc6 15. Ne1 Na5 16. Rd1 Qb6 17. b4 Nb3 18. Qb2 c4 19. Bc2 Bxc2 20. Qxc2 g6 21. a4 Qc6 22. Qa2 Nb6 23. a5 Nc8 24. Nc2 b6 25. axb6 Nxb6 26. Na1 a5 27. Nxb3 cxb3 28. Qxb3 a4 29. Qb2 0-0 30. Qc1 Rfc8 31. Bg5 Qd7 32. Bxe7 Qxe7 33. Rd3 a3 34. Qh6 Kh8 35. Ra1 Nc4 36. Nf1 g5 37. Ne3 Nb2 38. Rd2 Rg8 39. Qh5 Qc7 40. Rc2 Ra7 41. Ng4 Qc4 42. Qh6 Qd3 43. Qf6+ Rg7 44. Qd8+ Rg8 45. Qf6+ Rg7 46. Nh6 Qg6 47. Qd8+ Rg8 48. Nxg8 Qxg8 49. Qxg8+ Kxg8 50. Kf1 Kf8 51. Ke2 Ke7 52. Ra2 Nc4 53. Kd3 Kd7 54. Rc1 Kc6 55. Kc2 Kb5 56. Kb3 Ra8 57. Rca1 Rg8 58. Rxa3 Nxa3 59. Rxa3 Kb6 60. c4 dxc4+ 61. Kxc4 Rc8+ 62. Kd3 Rc7 63. Ra8 Rc1 64. Rb8+ Ka6 65. b5+ Ka5 66. b6 Ka6 67. Rf8 Rd1+ 68. Ke3 Kxb6 69. Rxf7 Kc6 70. Rxh7 Re1+ 71. Kf3 Rd1 72. Re7 1-0

[Event "Kuala Lumpur op 5th"]
[Site "Kuala Lumpur"]
[Date "2008.08.20"]
[Round "6"]
[White "Sadikin The, Irwanto"]
[Black "Wahono, Awam"]
[Result "1/2-1/2"]
[WhiteElo "2453"]
[BlackElo "2387"]
[PlyCount "28"]
[EventDate "2008.08.18"]
[EventType "swiss"]
[EventRounds "11"]
[EventCountry "MAS"]
[SourceTitle "CBM 126 Extra"]
[Source "ChessBase"]
[SourceDate "2008.11.05"]
[SourceVersion "1"]
[SourceVersionDate "2008.11.05"]
[SourceQuality "1"]

1. d4 d6 2. Nf3 Bf5 3. c4 Nf6 4. Nc3 c6 5. Nh4 Bg6 6. Nxg6 hxg6 7. g3 e6 8. d5 cxd5 9. cxd5 e5 10. Bg2 Be7 11. 0-0 Nbd7 12. e4 a6 13. a4 0-0 14. Be3 Qa5 1/2-1/2

[Event "Kuala Lumpur op 5th"]
[Site "Kuala Lumpur"]
[Date "2008.08.18"]
[Round "1"]
[White "Wahono, Awam"]
[Black "Ferdiman, Tersiman"]
[Result "1-0"]
[WhiteElo "2387"]
[BlackElo "2000"]
[PlyCount "131"]
[EventDate "2008.08.18"]
[EventType "swiss"]
[EventRounds "11"]
[EventCountry "MAS"]
[SourceTitle "CBM 126 Extra"]
[Source "ChessBase"]
[SourceDate "2008.11.05"]
[SourceVersion "1"]
[SourceVersionDate "2008.11.05"]
[SourceQuality "1"]

1. d4 f5 2. c4 Nf6 3. Nc3 g6 4. Nf3 Bg7 5. g3 0-0 6. Bg2 d6 7. 0-0 Nc6 8. d5 Ne5 9. Qb3 Nfd7 10. Be3 h6 11. Nxe5 dxe5 12. Rad1 f4 13. Bd2 Nc5 14. Qa3 Na6 15. Ne4 Bg4 16. Rfe1 Kh8 17. h3 Bf5 18. g4 Bc8 19. Bc3 Qe8 20. b3 Nb8 21. Nc5 Bf6 22. Qb2 h5 23. Bf3 Nd7 24. Nxd7 Bxd7 25. Bxe5 g5 26. d6 hxg4 27. dxe7 Qxe7 28. Bxf6+ Qxf6 29. Qxf6+ Rxf6 30. Rxd7 gxf3 31. exf3 b6 32. Ree7 Rh6 33. Kg2 c5 34. Rxa7 Rxa7 35. Rxa7 Rd6 36. Rb7 Kg8 37. Kf1 Re6 38. a4 Kf8 39. a5 bxa5 40. Rb5 Rc6 41. Rxa5 Ke7 42. Ke2 Kd6 43. Kd3 Rb6 44. Kc3 Rb8 45. Ra6+ Kc7 46. Rh6 Rg8 47. b4 cxb4+ 48. Kxb4 Re8 49. h4 Re2 50. hxg5 Rxf2 51. Rh3 Rg2 52. Rh4 Rxg5 53. Rxf4 Rg7 54. Kb5 Rh7 55. c5 Rg7 56. Rf6 Rh7 57. f4 Rg7 58. f5 Re7 59. Ra6 Re5 60. f6 Rf5 61. Ra7+ Kb8 62. Rf7 Rf1 63. Kb6 Rb1+ 64. Kc6 Rf1 65. Rf8+ Ka7 66. Kc7 1-0